000 01473nam a2200229Ia 4500
999 _c29535
_d29535
003 OSt
005 20211202152042.0
008 160316s2011 xxu||||| |||| 00| 0 eng d
020 _a978-0-19-807205-8
040 _cNLS
082 _a338.9 MID
100 _a
245 _aMid-term appraisal eleventh five year plan 2007 - 2012
260 _aNew Delhi
_bGovt. of India, Planning Commission
_c2011
300 _a473p
_cxv
365 _b Rs. 895
505 _aCONTENTS Part I- Macro Issues; Chapter 1-An Overview; Chapter 2-Macroeconomic Framework; Chapter 3-Governance; Chapter 4-Agriculture; Chapter 5-Industry; Part II Social Sector; Chapter 6-Education; Chapter 7-Health; Chapter 8-Social Justice; Chapter 9-Employment and Skill Development; Chapter 10-Handloom and Handicrafts; Chapter 11-Women’s Agency and Child Rights; Chapter 12-Rural Development; Chapter 13-Special Area Programmes; Part III Infrastructure; Chapter 14-Investment in Infrastructure; Chapter 15-Energy; Chapter 16-Transport; Chapter 17-Telecommunications; Chapter 18-Urban Development; Part IV Science and Environment; Chapter 19-Science and Technology; Chapter 20-Innovation; Chapter 21-Water Resources; Chapter 22-Environment and Forest.
650 _a1.Economic Development - Eleventh Five Year Plan
700 _a
_a
856 _uhttps://niti.gov.in/planningcommission.gov.in/docs/plans/mta/11th_mta/chapterwise/Comp_mta11th.pdf
942 _2ddc
_cBK